Психология человека. Ч. 1$90: Ч. 1 (Запись № 2529274)

Подробности
000 -МАРКЕР
контрольное поле 01942nam2a2200265 4500
001 - ИДЕНТИФИКАТОР ЗАПИСИ
контрольное поле RU\NLR\bibl\1871003
005 - ИДЕНТИФИКАТОР ВЕРСИИ
контрольное поле 20250616190353.0
021 ## - НОМЕР ГОСУДАРСТВЕННОЙ РЕГИСТРАЦИИ
Код страны Российская Федерация
Номер 2012-6710
Номер Листа государственной регистраци 489
035 ## - ДРУГИЕ СИСТЕМНЫЕ НОМЕРА
Идентификатор записи (NLR Aleph) 001860847
100 ## - ДАННЫЕ ОБЩЕЙ ОБРАБОТКИ
Данные общей обработки 20120217d2011 |||y0rusy50 ca
101 0# - ЯЗЫК РЕСУРСА
Язык текста, звукозаписи и т.д. русский
102 ## - СТРАНА ПУБЛИКАЦИИ ИЛИ ПРОИЗВОДСТВА
Страна публикации Российская Федерация
105 ## - ПОЛЕ КОДИРОВАННЫХ ДАННЫХ: ТЕКСТОВЫЕ МАТЕРИАЛЫ, МОНОГРАФИЧЕСКИЕ
Кодированные данные о монографическом текстовом документе a z|||000yy
200 0# - ЗАГЛАВИЕ И СВЕДЕНИЯ ОБ ОТВЕТСТВЕННОСТИ
Основное заглавие Ч. 1
210 ## - ПУБЛИКАЦИЯ, РАСПРОСТРАНЕНИЕ И ДР.
Дата издания, распространения и т.д. 2011
Место издания, распространения и т.д. Б. м.
215 ## - ФИЗИЧЕСКАЯ ХАРАКТЕРИСТИКА
Специфическое обозначение материала и объем 78 с.
Другие сведения о физической характеристике ил.
320 ## - ПРИМЕЧАНИЯ О НАЛИЧИИ В ДОКУМЕНТЕ БИБЛИОГРАФИИ / УКАЗАТЕЛЯ
Текст примечания Библиогр.: с. 74-78
461 #0 - УРОВЕНЬ НАБОРА
Встроенное поле 001RU\NLR\BIBL_A\010209312
-- 2000#$aПсихология человека$eучебно-методическое пособие$e[для студентов направления бакалавриата 050700 - Педагогика и старшеклассников, обучающихся по социально-гуманитарному профилю]$eв 3 ч.$fМ-во образования и науки Рос. Федерации, Гос. образоват. учреждение высш проф. образования "Тамб. гос. ун-т им. Г. Р. Державина"$g[авт.-сост.: Стрижова И. В.]$vЧ. 1$90
Системный номер (АБИС) связанной записи 10267750
Место публикации Тамбов
Дата публикации 2011
Первые сведения об ответственности М-во образования и науки Рос. Федерации, Гос. образоват. учреждение высш проф. образования "Тамб. гос. ун-т им. Г.Р. Державина"
Имя издателя, распространителя и т.д. Изд-во ТГУ
Сведения, относящиеся к заглавию учебно-методическое пособие : [для студентов направления бакалавриата 050700 - Педагогика и старшеклассников, обучающихся по социально-гуманитарному профилю] : в 3 ч.
Заглавие Психология человека
Номер тома Ч. 1$90
801 #0 - ИСТОЧНИК ЗАПИСИ
Страна Российская Федерация
Организация NLR
Дата составления 20120217
Правила каталогизации RCR
801 #1 - ИСТОЧНИК ЗАПИСИ
Страна Российская Федерация
Организация NLR
Дата составления 20120217
942 ## - ДОПОЛНИТЕЛЬНЫЕ ЭЛЕМЕНТЫ ЗАПИСИ (АБИС)
Тип экземпляра АБИС Книга
980 ## - КОЛЛЕКЦИЯ
Название коллекции Национальная библиография
Экземпляры
Тип экземпляра Дата поступления Источник поступления Библиотека постоянного хранения Библиотека текущего хранения Место хранения Шифр хранения Штрих-код Статус экземпляра
Книга 17.02.2012 Обязательный экземпляр РНБ (Московский) РНБ (Московский) Русский книжный фонд: издания с 1957 года 2012-4/1607 1-127095  
Книга 17.02.2012 Обязательный экземпляр РНБ (Московский) РНБ (Московский) Русский книжный фонд: издания с 1957 года 2012-4/1607 3598128